Heat and mass transfer (Record no. 5861)

000 -LEADER
fixed length control field 00529nam a2200205 4500
001 - CONTROL NUMBER
control field 5861
003 - CONTROL NUMBER IDENTIFIER
control field BD-DhUET
008 - FIXED-LENGTH DATA ELEMENTS--GENERAL INFORMATION
fixed length control field 700409m19679999is a b 000 0 eng
040 ## - CATALOGING SOURCE
Original cataloging agency DLC
Transcribing agency DLC
Modifying agency BD-DhUET
082 00 - DEWEY DECIMAL CLASSIFICATION NUMBER
Classification number 621.011
Item number ECK/1959
100 ## - MAIN ENTRY--PERSONAL NAME
Personal name Eckert, R. R. G.
245 00 - TITLE STATEMENT
Title Heat and mass transfer
250 ## - EDITION STATEMENT
Edition statement 2nd ed.
260 ## - PUBLICATION, DISTRIBUTION, ETC. (IMPRINT)
Place of publication, distribution, etc. New York
Name of publisher, distributor, etc. McGraw-Hill
Date of publication, distribution, etc. 1959
300 ## - PHYSICAL DESCRIPTION
Extent xiv, 530p.
490 1# - SERIES STATEMENT
Series statement McGraw-Hill series in mechanical engineering
650 #0 - SUBJECT ADDED ENTRY--TOPICAL TERM
Topical term or geographic name as entry element Heat-Transmission
700 ## - ADDED ENTRY--PERSONAL NAME
Personal name Drake, Robert M.
942 ## - ADDED ENTRY ELEMENTS (KOHA)
Koha item type General Book
Holdings
Piece designation (barcode) Koha date last seen Not for loan Koha date last borrowed Koha normalized classification for sorting Shelving location Koha full call number Date acquired Damaged status Sublocation or collection (holding branch) Lost status Koha item type Price effective from Copy number Source of classification or shelving scheme Location (home branch) Withdrawn status Koha issues (times borrowed)
366682014-11-29  621_011000000000000_ECK_1959Circulation section621.011/ECK/19592014-11-29 Central Library, BUET General Book2014-11-29  Central Library, BUET  
148842014-12-03  621_000000000000000_011ECK1959Circulation section621.011/ECK/19592014-12-03 Central Library, BUET General Book2014-12-032 Central Library, BUET  
113022015-04-12  621_011000000000000_ECK_1959Circulation section621.011/ECK/19592015-04-12 Central Library, BUET General Book2015-04-123 Central Library, BUET  
312762015-04-12  621_011000000000000_ECK_1959Circulation section621.011/ECK/19592015-04-12 Central Library, BUET General Book2015-04-124 Central Library, BUET  
312742015-04-12  621_011000000000000_ECK_1959Circulation section621.011/ECK/19592015-04-12 Central Library, BUET General Book2015-04-125 Central Library, BUET  
312712015-04-12  621_011000000000000_ECK_1959Circulation section621.011/ECK/19592015-04-12 Central Library, BUET General Book2015-04-126 Central Library, BUET  
312722015-04-12  621_011000000000000_ECK_1959Circulation section621.011/ECK/19592015-04-12 Central Library, BUET General Book2015-04-127 Central Library, BUET  
312772021-11-28 2020-03-02621_011000000000000_ECK_1959Circulation section621.011/ECK/19592015-04-13 Central Library, BUET General Book2015-04-138 Central Library, BUET 1
113012015-04-13  621_011000000000000_ECK_1959Circulation section621.011/ECK/19592015-04-13 Central Library, BUET General Book2015-04-139 Central Library, BUET  
113032015-04-13  621_011000000000000_ECK_1959Circulation section621.011/ECK/19592015-04-13 Central Library, BUET General Book2015-04-1310 Central Library, BUET  
246252015-04-13  621_011000000000000_ECK_1959Circulation section621.011/ECK/19592015-04-13 Central Library, BUET General Book2015-04-1311 Central Library, BUET  
76522015-04-13  621_011000000000000_ECK_1959Circulation section621.011/ECK/19592015-04-13 Central Library, BUET General Book2015-04-1312 Central Library, BUET  
243202015-04-13  621_011000000000000_ECK_1959Circulation section621.011/ECK/19592015-04-13 Central Library, BUET General Book2015-04-1313 Central Library, BUET  
249762015-04-13  621_011000000000000_ECK_1959Circulation section621.011/ECK/19592015-04-13 Central Library, BUET General Book2015-04-1314 Central Library, BUET  
312752015-04-13  621_011000000000000_ECK_1959Circulation section621.011/ECK/19592015-04-13 Central Library, BUET General Book2015-04-1315 Central Library, BUET  
76552015-06-16  621_011000000000000_ECK_1959Reading section621.011/ECK/19592015-06-16 Central Library, BUET General Book2015-06-1616 Central Library, BUET